Les nits del Palau Güell = Las noches del Palau Güell = Nights at Palau Güell : 2018 2018
Descripción Física:
1 tríptic ; il. col. ; 21 cm
Materias:
Palau Güell (Barcelona) -- Activitats culturals
; Concerts (Execució musical) -- Programes
Idioma:
Catalán , Español , English
MARC
| LEADER | 00000nam a22000007a 4500 | ||
|---|---|---|---|
| 001 | 27795 | ||
| 003 | Arxiu | ||
| 005 | 20260324181514.0 | ||
| 008 | 230508b spa||||| |||| 00| 0 cat d | ||
| 017 | |a B 16260-2018 | ||
| 040 | |a agdb |b cat | ||
| 041 | |a cat |a spa |a eng | ||
| 110 | 2 | |9 17034 |a Palau Güell (Barcelona) | |
| 245 | |a Les nits del Palau Güell = Las noches del Palau Güell = Nights at Palau Güell : |b 2018 | ||
| 260 | |a Barcelona : |b Palau Güell : |b Diputació de Barcelona ; |c 2018 | ||
| 300 | |a 1 tríptic ; |b il. col. ; |c 21 cm | ||
| 500 | |a Programació dels concerts de les Nits del Palau Güell del 5 de juliol al 16 d'agost del 2018 | ||
| 610 | 2 | 0 | |9 52964 |a Palau Güell (Barcelona) |x Activitats culturals |
| 650 | 0 | |2 Arxiu |9 43539 |a Concerts (Execució musical) |x Programes | |
| 710 | 1 | |a Barcelona (Catalunya : Província). |b Diputació |9 52408 | |
| 942 | |2 udc |c ARXIU |n 1 | ||
| 952 | |0 0 |1 0 |2 udc |4 0 |6 FU7536 |7 1 |9 66248 |a Arxiu |b Arxiu |d 2023-05-08 |l 0 |o FU-75-36 |p 27795 |r 2023-05-08 00:00:00 |w 2023-05-08 |y ARXIU | ||
| 999 | |c 83392 |d 83392 | ||